000
00307nam a2200109Ia 4500
008
171211s9999 xx 000 0 und d
245
_a
Dartmoor's Alluring Uplands
245
_c
Harold Fox and Matthew Tompkins
260
_c
2012
650
_x
History
856
_u
http://down.ebook777.com/063/0859898644.pdf
999
_c
348842
_d
348842